000 00670nam a2200217Ii 4500
003 JO-AjNU
008 230605s9999||||xx |||||||||||||| ||und||
017 _a2007/5/1475
040 _aJO-AjNU
_bara
_erda
_cJO-AjNU
041 _aara
050 1 4 _aTS155.U2382 2008
100 3 _aعبيدات، سليمان خالد,
_eauthor
_929130
245 0 0 _aمقدمة في إدارة الإنتاج والعمليات
250 _aط1
264 3 1 _aعمان: دار المسيرة ، 2008
300 _a408ص
336 _atext
_btxt
_2rdacontent
337 _aunmediated
_bn
_2rdamedia
338 _avolume
_bnc
_2rdacarrier
650 4 _aادارة الانتاج
_929131
999 _aA11385
_c14953
_d14953